Cities that End in Y by Clue - Statistics

General Stats
  • This quiz has been taken 1,545 times
  • The average score is 11 of 20
Answer Stats
Clue City % Correct
State capital located on the Hudson River Albany
75%
The Archbishop of this city heads the Church of England Canterbury
75%
Capital of France between 1940-44 Vichy
75%
Capital of Guinea Conakry
74%
Served as the capital of Kazakhstan until 1997 Almaty
73%
One of the two capitals located on the Niger River Niamey
68%
Most populous city in New Guinea Port Moresby
68%
1988 Winter Olympics host - famous for its rodeo festival Calgary
66%
The Nationalist and Unionists in Ireland refer to this major city by different names Londonderry
64%
One of the casinos in Las Vegas is named after this Burmese city Mandalay
61%
Most populous and capital of the Mexican state of Nuevo León Monterrey
59%
Home to the flagship campus of the University of California Berkeley
57%
AC/DC is based in here - located on Port Jackson Sydney
57%
Indiana city that is the hometown of Michael Jackson Gary
56%
Where Rosa Parks refused to give up her seat Montgomery
56%
Least populous U.S. city home to a major pro sports team Green Bay
43%
Capital of the Falkland Islands Stanley
38%
"Sweet" city that is the biggest city in Central Sri Lanka Kandy
36%
Biggest city in Gotland, Sweden's largest island Visby
30%
Second most populous city in British Columbia Surrey
18%
No matching quizzes found
Score Distribution
Percent of People with Each Score
Percentile by Number Answered
Your Score History
You have not taken this quiz